[Event "XXV OOM - Mistrzostwa Polski Juniorow Mlodszych - Dziewczeta do lat 14"]
[Site "Sielpia"]
[Date "1899-12-30"]
[Round "3.20"]
[White "Walendykiewicz, Martyna"]
[Black "Matusik, Zuzanna"]
[Result "1/2-1/2"]
[WhiteTitle "I"]
[BlackTitle "I"]
[WhiteElo "1175"]
[BlackElo "1226"]

1. e4 e5 2. Nf3 Nc6 3. Bb5 d6 4. c3 Bd7 5. d4 Nf6 6. Qe2 exd4 7. cxd4 Be7 8. O-O
O-O 9. Nbd2 a6 10. Ba4 Re8 11. Bc2 Nb4 12. Qd1 h6 13. a3 Nc6 14. h3 Nh7 15. Re1
Bf6 16. Nf1 Na5 17. Bd2 Nc4 18. Bc3 c5 19. Bb3 Na5 20. Rb1 cxd4 21. Nxd4 Qb6 22.
Bxa5 Qxa5 23. Nf3 Bc6 24. Ng3 Rad8 25. Qc2 Ng5 26. Nxg5 Bxg5 27. Rbd1 Bf4 28.
Nf5 d5 29. Nd4 Rc8 30. Nxc6 Rxc6 31. Qd3 dxe4 32. Qd7 Rf8 33. Rxe4 Bg5 34. Re8
Qc5 35. Bxf7+ Kh8 36. Rxf8+ Qxf8 37. Qxb7 Rf6 38. Rd7 Bh4 39. Kh2 Rxf2 40. b4
Bg5 41. Kg1 Be3 42. Kh2 Bf4+ 43. Kg1 Be3 44. Kh2 1/2-1/2

[Event "XXV OOM - Mistrzostwa Polski Juniorow Mlodszych - Dziewczeta do lat 14"]
[Site "Sielpia"]
[Date "1899-12-30"]
[Round "3.21"]
[White "Dallemura, Anna"]
[Black "Kulpa, Karolina"]
[Result "1-0"]
[WhiteTitle "I"]
[BlackTitle "I"]
[WhiteElo "1482"]
[BlackElo "1381"]

1. e4 e5 2. Nf3 Nf6 3. d4 exd4 4. e5 Ne4 5. Qxd4 d5 6. exd6 Nxd6 7. Bd3 Nc6 8.
Qe3+ Be7 9. O-O O-O 10. Nc3 Be6 11. Ne4 Nf5 12. Qe2 Ncd4 13. Nxd4 Nxd4 14. Qh5
Qd5 15. Nf6+ Bxf6 16. Qxh7# 1-0

[Event "XXV OOM - Mistrzostwa Polski Juniorow Mlodszych - Dziewczeta do lat 14"]
[Site "Sielpia"]
[Date "1899-12-30"]
[Round "3.22"]
[White "Scisla, Oliwia"]
[Black "Retz, Agnieszka"]
[Result "1/2-1/2"]
[WhiteTitle "I++"]
[BlackTitle "II+"]
[WhiteElo "1413"]
[BlackElo "1263"]

1. e4 c5 2. Nc3 e6 3. g3 d5 4. Bg2 d4 5. Nce2 Bd6 6. d3 Nc6 7. f4 Bf8 8. Nf3 g6
9. O-O Bg7 10. c3 Nge7 11. c4 O-O 12. a3 b6 13. h4 h5 14. Bh3 f5 15. Ng5 Qc7 16.
e5 Rb8 17. Qa4 Bd7 18. Qc2 a6 19. Bd2 Rb7 20. a4 Rfb8 21. Rfc1 Nd8 22. b4 Nf7
23. b5 axb5 24. axb5 Nxg5 25. hxg5 Ra7 26. Bg2 Rxa1 27. Rxa1 Bc8 28. Kf2 Bb7 29.
Ng1 Bxg2 30. Kxg2 Qb7+ 31. Nf3 Ra8 1/2-1/2

[Event "XXV OOM - Mistrzostwa Polski Juniorow Mlodszych - Dziewczeta do lat 14"]
[Site "Sielpia"]
[Date "1899-12-30"]
[Round "3.23"]
[White "Arciszewska, Zuzanna"]
[Black "Franek, Diana"]
[Result "1-0"]
[WhiteTitle "I"]
[BlackTitle "II"]
[WhiteElo "1370"]
[BlackElo "1256"]

1. e4 e5 2. Nf3 Nc6 3. Bc4 Bc5 4. c3 d6 5. d3 h6 6. O-O Bg4 7. a4 a6 8. b4 Ba7
9. Be3 Nf6 10. Nbd2 O-O 11. h3 Bh5 12. Re1 Bxe3 13. fxe3 d5 14. exd5 Nxd5 15.
Qb3 Nf6 16. e4 Qd6 17. Nh4 Kh7 18. Nf1 a5 19. Nf5 Qd7 20. b5 Ne7 21. N1e3 Bg6
22. Rf1 c6 23. Nxe7 Qxe7 24. Nf5 Qc5+ 25. Kh1 cxb5 26. Bxb5 Nh5 27. Kh2 Rad8 28.
Rf3 Nf4 29. Qc4 Qxc4 30. Bxc4 Bxf5 31. exf5 Nd5 32. Ra3 Nb6 33. Bb5 Rd6 34. c4
Rc8 35. Re3 f6 36. g4 Nd7 37. Bxd7 Rxd7 38. Kg3 Rc6 39. Rb3 b6 40. Kf3 Rd4 41.
Re4 Rd7 42. Ke2 Kg8 43. h4 Kf7 44. h5 Re7 45. Rb5 Rd6 46. Kd2 Ke8 47. Kc2 Kd7
48. c5 Rc6 49. Rc4 e4 50. dxe4 Rxc5 51. Rcxc5 bxc5 52. Kd3 Kc6 53. Rxa5 Re5 54.
Ra6+ Kb7 55. Re6 c4+ 56. Kxc4 Ra5 57. Kb4 Ra8 58. e5 1-0

[Event "XXV OOM - Mistrzostwa Polski Juniorow Mlodszych - Dziewczeta do lat 14"]
[Site "Sielpia"]
[Date "1899-12-30"]
[Round "3.24"]
[White "Czerwinska, Oliwia"]
[Black "Sivickis, Kornelia"]
[Result "1-0"]
[WhiteTitle "I"]
[BlackTitle "I"]
[WhiteElo "1303"]
[BlackElo "1209"]

1. e4 d5 2. exd5 Qxd5 3. Nc3 Qa5 4. d4 Nf6 5. Bc4 c6 6. Qe2 Bf5 7. Nf3 e6 8. Bd2
Qc7 9. O-O-O Be7 10. Rhe1 O-O 11. Nh4 Re8 12. Nxf5 exf5 13. Qf3 g6 14. h3 Nbd7
15. Bg5 b5 16. Bxb5 Rac8 17. Bc4 Bf8 18. Qf4 Qxf4+ 19. Bxf4 Kg7 20. Ba6 Rxe1 21.
Rxe1 Re8 22. Rxe8 Nxe8 23. d5 cxd5 24. Nxd5 Nef6 25. Nxf6 Kxf6 26. Be3 Nb6 27.
Kd2 Ke5 28. f4+ Kd5 29. b3 Bb4+ 30. Kd3 Be7 31. Bb7+ Kd6 32. c4 Kc7 33. Bd5 Nxd5
34. cxd5 a5 35. Kc4 Bb4 36. Bc1 Kd6 37. a3 Be1 38. Bb2 Bd2 39. Be5+ Kd7 40. b4
axb4 41. axb4 Be3 42. Kb5 Bf2 43. Ka6 Be3 44. b5 Bf2 45. b6 Bxb6 46. Kxb6 h6 47.
Kc5 h5 48. Bf6 h4 49. Bxh4 Kc7 50. Kd4 Kd6 51. Bg5 Kd7 52. Ke5 f6+ 53. Bxf6 g5
54. Bxg5 Ke8 55. Kd6 Kf7 56. Kc7 Ke8 57. d6 Kf7 58. d7 Ke6 59. d8=Q Kf7 60. Qf6+
Kg8 61. Bh6 Kh7 62. Qg7# Kg8 63. Kd7# 1-0

[Event "XXV OOM - Mistrzostwa Polski Juniorow Mlodszych - Dziewczeta do lat 14"]
[Site "Sielpia"]
[Date "1899-12-30"]
[Round "3.25"]
[White "Szewc, Dobromila"]
[Black "Szczotka, Matylda"]
[Result "0-1"]
[WhiteTitle "I"]
[BlackTitle "I"]
[WhiteElo "1036"]
[BlackElo "1301"]

1. e4 e5 2. Nf3 Nc6 3. c3 d5 4. Qa4 f6 5. d3 Nge7 6. Be2 Be6 7. Nbd2 Qd7 8. Nb3
Ng6 9. Be3 a6 10. Nc5 Bxc5 11. Bxc5 Nf4 12. Bf1 Bg4 13. Nd2 Ne6 14. exd5 Nxc5
15. dxc6 Nxa4 16. cxd7+ Bxd7 17. O-O-O O-O-O 18. Ne4 Bf5 19. Be2 Kb8 20. Bf3 Rd7
21. b3 Bxe4 22. dxe4 Rxd1+ 23. Rxd1 Nxc3 24. Rd7 Rg8 25. Kb2 Nb5 26. Bg4 Nd4 27.
Bh5 g6 28. Bg4 h5 29. Bh3 g5 30. g3 Nf3 31. Rh7 Nxh2 32. Rxh5 Rd8 33. Kc3 Nf3
34. Rh6 Rd6 35. Bf1 Ka7 36. Rh7 Rd2 37. Rxc7 Rxa2 38. Bc4 Nd4 39. Kd3 Kb8 40.
Rf7 Rxf2 41. Bd5 Rf3+ 42. Kc4 Rxb3 43. Kc5 Rb5+ 44. Kc4 Rb6 45. Kc5 Rb5+ 46. Kc4
Rb6 47. Kc5 Ka7 48. g4 Nc2 49. Kc4 Ne3+ 50. Kc5 Nxg4 51. Bc4 Ne3 52. Kd4 0-1

[Event "XXV OOM - Mistrzostwa Polski Juniorow Mlodszych - Dziewczeta do lat 14"]
[Site "Sielpia"]
[Date "1899-12-30"]
[Round "3.26"]
[White "Uliasz, Katarzyna"]
[Black "Kaznowska, Kinga"]
[Result "1/2-1/2"]
[WhiteTitle "I"]
[BlackTitle "II+"]
[WhiteElo "1270"]
[BlackElo "1037"]

1. e4 Nf6 2. e5 Nd5 3. d4 d6 4. exd6 exd6 5. Bc4 Nb6 6. Bb3 Be7 7. Nf3 O-O 8. O-O
Bf6 9. c3 c6 10. Nbd2 Be6 11. Bc2 c5 12. Ne4 h6 13. dxc5 dxc5 14. Nxc5 Qxd1 15.
Rxd1 Bd5 16. Be4 Bxe4 17. Nxe4 N8d7 18. Be3 Rfd8 19. Nxf6+ Nxf6 20. Bxb6 axb6
21. h3 Rxd1+ 22. Rxd1 Rxa2 23. Rd8+ Kh7 24. Rb8 Rxb2 25. Rxb7 Ne4 26. Rxf7 Nxc3
27. Nd4 Kg6 28. Rc7 Nd5 29. Rb7 Kf6 30. g3 Rb4 31. Nc2 Rb1+ 32. Kg2 Rb2 33. Ne1
Ne3+ 34. Kf3 Nd1 35. Nd3 Rd2 36. Rxb6+ Ke7 37. Rb3 Kf6 38. g4 Kg5 39. Kg3 Kg6
40. Nf4+ Kh7 41. f3 Nf2 42. Rb7 Kg8 43. Rb1 Kf7 44. Rf1 g5 45. Rxf2 gxf4+ 46.
Kg2 Rxf2+ 47. Kxf2 Kf6 48. h4 Ke5 49. Ke2 Kd4 50. Kd2 Kc4 51. g5 hxg5 52. hxg5
Kd5 53. Kd3 Ke5 54. g6 Kf6 55. g7 Kxg7 56. Ke4 Kg6 57. Kxf4 Kf6 58. Ke4 Ke6 59.
f4 Kf6 60. f5 Kf7 61. Ke5 Ke7 62. f6+ Kf8 63. Ke6 Ke8 64. f7+ Kf8 1/2-1/2

[Event "XXV OOM - Mistrzostwa Polski Juniorow Mlodszych - Dziewczeta do lat 14"]
[Site "Sielpia"]
[Date "1899-12-30"]
[Round "4.1"]
[White "Kucharska, Helena"]
[Black "Wikar, Martyna"]
[Result "0-1"]
[WhiteTitle "I"]
[BlackTitle "k"]
[WhiteElo "1385"]
[BlackElo "2044"]

1. e4 c5 2. Nf3 Nc6 3. d4 cxd4 4. Nxd4 e5 5. Nb5 d6 6. N1c3 a6 7. Na3 b5 8. Nd5
Nce7 9. c4 Nxd5 10. cxd5 f5 11. Bd3 fxe4 12. Bxe4 Nf6 13. Bg5 Qa5+ 14. Bd2 Qc7
15. Rc1 Qf7 16. f3 Bb7 17. Ba5 Nxe4 18. fxe4 Qf4 19. Qc2 Be7 20. Bd2 Qf6 21. Qd3
O-O 22. Qg3 Qf7 23. Rc7 Bh4 24. Qxh4 Qxc7 25. Ke2 Qf7 26. g4 Qf3+ 27. Ke1 Qxh1+
28. Ke2 Qf1+ 29. Ke3 Rf3# 30. Kd4 0-1

[Event "XXV OOM - Mistrzostwa Polski Juniorow Mlodszych - Dziewczeta do lat 14"]
[Site "Sielpia"]
[Date "1899-12-30"]
[Round "4.2"]
[White "Rejniak, Zuzanna"]
[Black "Starosta, Martyna"]
[Result "0-1"]
[WhiteTitle "k"]
[BlackTitle "WCM"]
[WhiteElo "1904"]
[BlackElo "1672"]

1. Nf3 Nf6 2. g3 g6 3. Bg2 Bg7 4. O-O O-O 5. d3 d5 6. Nbd2 c5 7. e4 e6 8. Qe2 Nc6
9. c3 Nd7 10. Re1 d4 11. cxd4 cxd4 12. h4 e5 13. Nf1 b6 14. N1h2 Nc5 15. Rd1 a5
16. h5 h6 17. hxg6 fxg6 18. Nh4 Kh7 19. Qe1 Nb4 20. Bf1 Nc2 21. Qd2 Nxa1 22. b4
axb4 23. Qb2 Be6 24. Qxa1 Rxa2 25. Qb1 Rfxf2 26. N4f3 Qf6 27. Rd2 Rfxd2 28. Bxd2
b3 29. Bc1 Na4 0-1

[Event "XXV OOM - Mistrzostwa Polski Juniorow Mlodszych - Dziewczeta do lat 14"]
[Site "Sielpia"]
[Date "1899-12-30"]
[Round "4.3"]
[White "Mezykowska, Emilia"]
[Black "Goraj, Barbara"]
[Result "0-1"]
[WhiteTitle "I"]
[BlackTitle "I++"]
[WhiteElo "1579"]
[BlackElo "1824"]

1. e4 c5 2. Nf3 e6 3. c3 Nf6 4. e5 Nd5 5. d4 cxd4 6. cxd4 d6 7. Bd2 Be7 8. Nc3
dxe5 9. dxe5 Nxc3 10. Bxc3 Qxd1+ 11. Rxd1 Bd7 12. Bc4 Nc6 13. O-O O-O-O 14. Rfe1
Kb8 15. Nd2 a6 16. a3 b5 17. Bb3 a5 18. Ne4 b4 19. axb4 axb4 20. Bd4 Na5 21. Bc5
Bxc5 22. Nxc5 Nxb3 23. Nxd7+ Kc7 24. Rd3 Rxd7 25. Rxb3 Rd4 26. g3 Rhd8 27. Ra1
Kb6 28. Ra4 Kb5 29. Ra7 R8d7 30. Rxd7 Rxd7 31. Rf3 Kc4 32. b3+ Kd4 33. Kf1 g5
34. Ke2 Kxe5 35. Re3+ Kf5 36. Rd3 Rd5 37. Ke3 Ke5 38. f3 f6 39. h3 h5 40. Rxd5+
Kxd5 41. Kd3 h4 42. g4 f5 43. gxf5 exf5 44. Ke3 Ke5 45. Kd3 g4 46. Ke3 g3 47.
f4+ Kd5 48. Kf3 Kd4 49. Kg2 Kc3 50. Kf3 Kxb3 51. Kg2 Kc2 0-1

[Event "XXV OOM - Mistrzostwa Polski Juniorow Mlodszych - Dziewczeta do lat 14"]
[Site "Sielpia"]
[Date "1899-12-30"]
[Round "4.4"]
[White "Jedrzejko, Martyna"]
[Black "Barwinska, Ewa"]
[Result "0-1"]
[WhiteTitle "I"]
[BlackTitle "I++"]
[WhiteElo "1466"]
[BlackElo "1622"]

1. e4 c5 2. Nf3 d6 3. d4 cxd4 4. Nxd4 Nf6 5. f3 a6 6. c4 g6 7. Nc3 Bg7 8. Be3 e6
9. Be2 O-O 10. Qd2 Qc7 11. O-O Nc6 12. Rfd1 Ne8 13. Rac1 Bd7 14. Nb3 Na5 15. Nxa5
Qxa5 16. Bd4 Bxd4+ 17. Qxd4 Bc6 18. Rb1 Qg5 19. Qd2 Qc5+ 20. Qd4 Nf6 21. b4 Qe5
22. Rbc1 Rfd8 23. Qe3 Nh5 24. g3 d5 25. Qb6 d4 26. Rd3 Nxg3 27. hxg3 Qxg3+ 28.
Kf1 Qh3+ 29. Kg1 Qg3+ 30. Kh1 Qh4+ 31. Kg2 Qg5+ 32. Kf2 Qxc1 33. Rxd4 Rxd4 34.
Qxd4 Qg5 35. b5 axb5 36. cxb5 Be8 37. Qb6 Qe7 38. a4 Rc8 39. Qe3 Qc5 40. Qxc5
Rxc5 41. Nd1 Rc2 42. Ke3 b6 43. Bd3 Rc5 44. Nb2 h5 45. Nc4 Bxb5 46. axb5 Rxb5
47. Nd2 Rb4 48. Nf1 Kg7 49. Kf2 Rb2+ 50. Kg3 b5 51. Ne3 Rb3 52. Bxb5 Rxb5 53.
Ng2 Kf6 54. Kf2 Rb2+ 55. Kg3 Rxg2+ 56. Kxg2 Kg5 57. Kg3 e5 0-1

[Event "XXV OOM - Mistrzostwa Polski Juniorow Mlodszych - Dziewczeta do lat 14"]
[Site "Sielpia"]
[Date "1899-12-30"]
[Round "4.5"]
[White "Lukasik, Zuzanna"]
[Black "Trybus, Dominika"]
[Result "1-0"]
[WhiteTitle "I++"]
[BlackTitle "II+"]
[WhiteElo "1618"]
[BlackElo "1219"]

1. e4 e6 2. d4 d5 3. Nd2 e5 4. dxe5 dxe4 5. Nxe4 Qxd1+ 6. Kxd1 Nc6 7. f4 Bg4+ 8.
Be2 Bd7 9. c3 O-O-O 10. Ke1 f6 11. exf6 Nxf6 12. Nxf6 gxf6 13. Be3 Bd6 14. Kf2
Rhe8 15. g3 Re7 16. Bh5 Be8 17. Bg4+ Kb8 18. Nf3 Bf7 19. b4 Rde8 20. Rhe1 b6 21.
a3 h5 22. Bf5 Kb7 23. h3 Nd8 24. Nd4 a6 25. Rad1 Bc4 26. Bg6 Rh8 27. Nf5 Rd7 28.
Nxd6+ cxd6 29. Bd4 Rh6 30. f5 Nf7 31. Bxf6 Bb3 32. Rd2 Rc7 33. Bg7 Rxg6 34. fxg6
Ng5 35. Bh6 Ne6 36. Rxd6 Ng7 37. Bxg7 Rxg7 38. Rf6 b5 39. Re5 h4 40. gxh4 Bc4
41. h5 Bg8 42. h6 Rc7 43. Re8 Bh7 44. gxh7 Rxh7 45. Ref8 Rc7 46. R8f7 Rxf7 47.
Rxf7+ Kc6 48. h7 Kd6 49. h8=Q a5 50. Qf6+ Kd5 51. Qd4+ Ke6 52. Rf6+ Ke7 53. Qd6+
Ke8 54. Rf8# 1-0

[Event "XXV OOM - Mistrzostwa Polski Juniorow Mlodszych - Dziewczeta do lat 14"]
[Site "Sielpia"]
[Date "1899-12-30"]
[Round "4.6"]
[White "Zabrzanska, Weronika"]
[Black "Kieca, Aleksandra"]
[Result "1-0"]
[WhiteTitle "I++"]
[BlackTitle "I"]
[WhiteElo "1763"]
[BlackElo "1475"]

1. e4 c5 2. c3 d5 3. exd5 Qxd5 4. d4 Nc6 5. Nf3 Bf5 6. Be2 cxd4 7. cxd4 Bxb1 8.
Rxb1 e6 9. O-O Nf6 10. b4 Ne4 11. Qc2 Nd6 12. Rd1 Rc8 13. Qa4 a6 14. Ne5 b5 15.
Qxa6 Nxd4 16. Rxd4 Qxe5 17. Rxd6 Bxd6 18. Qxc8+ Ke7 19. Qb7+ Kd8 20. g3 Qxe2 21.
Be3 Qc2 22. Rc1 1-0

[Event "XXV OOM - Mistrzostwa Polski Juniorow Mlodszych - Dziewczeta do lat 14"]
[Site "Sielpia"]
[Date "1899-12-30"]
[Round "4.7"]
[White "Krzyzosiak, Marta"]
[Black "Pietrzak, Emilia"]
[Result "1-0"]
[WhiteTitle "I++"]
[BlackTitle "I"]
[WhiteElo "1626"]
[BlackElo "1230"]

1. e4 c5 2. Nf3 e6 3. d4 cxd4 4. Nxd4 Nf6 5. Nc3 d6 6. g4 h6 7. h3 Nc6 8. Be3 Be7
9. Qd2 d5 10. Bb5 Bd7 11. exd5 Nxd5 12. Nxd5 exd5 13. O-O-O a6 14. Ba4 O-O 15.
Bb3 Be6 16. Ne2 Rc8 17. a3 d4 18. Bxe6 dxe3 19. Qxe3 Qc7 20. Bxc8 Rxc8 21. Qd3
Bg5+ 22. Kb1 Re8 23. Nc3 Qb6 24. Rhe1 Rd8 25. Qf3 Rc8 26. Qf5 Ne7 27. Rxe7 Rf8
28. Red7 Bf6 29. R1d6 Qa7 30. Rxf6 gxf6 31. Nd5 1-0

[Event "XXV OOM - Mistrzostwa Polski Juniorow Mlodszych - Dziewczeta do lat 14"]
[Site "Sielpia"]
[Date "1899-12-30"]
[Round "4.8"]
[White "Mroz, Lena"]
[Black "Nowak, Roksana"]
[Result "0-1"]
[WhiteTitle "I++"]
[BlackTitle "I"]
[WhiteElo "1573"]
[BlackElo "1356"]

1. e4 e5 2. Nf3 Nc6 3. Bb5 Nf6 4. O-O d6 5. Re1 Be7 6. c3 Bd7 7. Ba4 O-O 8. h3
Re8 9. d4 Bf8 10. Nbd2 a6 11. Bc2 g6 12. Nf1 Bg7 13. Ng3 Bc8 14. d5 Ne7 15. Be3
Nd7 16. Qd2 Nb6 17. Bb3 f5 18. exf5 Nxf5 19. Bg5 Bf6 20. Bxf6 Qxf6 21. Ne4 Qe7
22. Rad1 Nd7 23. Qg5 Qf7 24. Qd2 Qe7 25. Nfg5 Nf8 26. f4 h6 27. Nf3 Kh7 28. fxe5
dxe5 29. Rf1 Nd7 30. Rf2 Nc5 31. Nxc5 Qxc5 32. Qe2 Ng3 33. Qe1 Bd7 34. Kh2 Nf5
35. Re2 Qd6 36. Rxe5 Re7 37. Kh1 Rae8 38. Rxe7+ Rxe7 39. Qf2 Ng3+ 40. Kg1 Re2
41. Qd4 Rxb2 42. Rd2 Ne2+ 43. Rxe2 Rxe2 44. Qd3 Qe7 45. Bc4 Re3 46. Qd4 Re4 47.
Qd2 Rxc4 48. Qd3 Qe4 49. Qd2 Bf5 50. Nd4 Qd3 51. Qe1 Qe4 52. Qd2 Qxd5 53. Qe3
Qe4 54. Qd2 Rc5 55. Nf3 Rd5 56. Qc1 Qb1 0-1

[Event "XXV OOM - Mistrzostwa Polski Juniorow Mlodszych - Dziewczeta do lat 14"]
[Site "Sielpia"]
[Date "1899-12-30"]
[Round "4.9"]
[White "Gaczol, Julia"]
[Black "Krzyzosiak, Anna"]
[Result "0-1"]
[WhiteTitle "I"]
[BlackTitle "I++"]
[WhiteElo "1394"]
[BlackElo "1528"]

1. e4 c5 2. Nf3 d6 3. d4 cxd4 4. Nxd4 Nf6 5. Nc3 a6 6. f3 e5 7. Nb3 Be6 8. Be3
Be7 9. Qd2 O-O 10. O-O-O a5 11. a4 Nc6 12. g4 Nb4 13. g5 Nh5 14. Rg1 Rc8 15. Kb1
Qc7 16. Rc1 b6 17. Qf2 Rb8 18. Qh4 g6 19. Be2 d5 20. Nb5 Qc6 21. Rgf1 d4 22. Bd2
Bc4 23. Qf2 Rb7 24. f4 d3 25. cxd3 Nxd3 26. Bxd3 Bxd3+ 27. Ka2 Qxe4 28. Nc3 Qb4
29. Rfe1 Bc4 30. Ka1 Qxb3 31. Rxe5 Bb4 32. Be3 Bxc3 33. bxc3 Qa3+ 34. Kb1 Bd3+
35. Rc2 Qxc3 36. Kc1 Qa1+ 37. Kd2 Bxc2 38. Kxc2 Qa2+ 39. Kc3 Rc8+ 0-1

[Event "XXV OOM - Mistrzostwa Polski Juniorow Mlodszych - Dziewczeta do lat 14"]
[Site "Sielpia"]
[Date "1899-12-30"]
[Round "4.10"]
[White "Bugaj, Hanna"]
[Black "Slusarczyk, Milena"]
[Result "1/2-1/2"]
[WhiteTitle "I"]
[BlackTitle "I+"]
[WhiteElo "1363"]
[BlackElo "1509"]

1. d4 d5 2. c4 e6 3. cxd5 exd5 4. Nc3 Nf6 5. Bg5 c6 6. Qc2 h6 7. Bh4 Bg4 8. e3
Bd6 9. Bd3 O-O 10. Nge2 Bxe2 11. Nxe2 Nbd7 12. h3 Rc8 13. O-O Re8 14. Bf5 Qc7
15. Bxf6 gxf6 16. Bg4 Rcd8 17. Qf5 Kg7 18. Rac1 Rh8 19. Nc3 Nf8 20. f4 Ng6 21.
Nxd5 Qb8 22. Nxf6 Be7 23. Nh5+ Kf8 24. Qd3 Kg8 25. f5 Nf8 26. e4 c5 27. d5 Qe5
28. Qc3 Qxc3 29. bxc3 f6 30. Kf2 Kf7 31. Ke3 Bd6 32. Nf4 Bxf4+ 33. Kxf4 Nd7 34.
Rfd1 Ne5 35. Rb1 b6 36. Rb5 h5 37. Be2 h4 38. a4 Rd6 39. Rdb1 Ke7 40. a5 Rb8 41.
axb6 Rdxb6 42. Rxb6 Rxb6 43. Rxb6 axb6 44. g3 hxg3 45. Kxg3 c4 46. Kf4 Kd6 47.
h4 b5 48. Ke3 Kc5 49. Kd2 Kd6 50. h5 Nf7 51. Ke3 Ke5 52. Bd1 Nh6 53. Be2 Nf7 54.
Bf3 Nh6 55. Be2 Nf7 56. Bf3 Nh6 57. Be2 Nf7 58. Bd1 Nh6 1/2-1/2

[Event "XXV OOM - Mistrzostwa Polski Juniorow Mlodszych - Dziewczeta do lat 14"]
[Site "Sielpia"]
[Date "1899-12-30"]
[Round "4.11"]
[White "Hertlein, Irena"]
[Black "Lajdamik, Anna"]
[Result "1-0"]
[WhiteTitle "I+"]
[BlackTitle "I"]
[WhiteElo "1713"]
[BlackElo "1279"]

1. Nf3 d5 2. g3 Nf6 3. Bg2 c5 4. d4 Nc6 5. O-O Bf5 6. c4 cxd4 7. cxd5 Qxd5 8. Nxd4
Qc5 9. Nxf5 Qxf5 10. Qb3 Qc8 11. Bg5 e6 12. Bxf6 gxf6 13. Nd2 Be7 14. Rac1 O-O
15. e3 Qe8 16. Qxb7 Ne5 17. Qxa8 Qxa8 18. Bxa8 Rxa8 19. Rc7 Bd6 20. Rb7 Nd3 21.
Rd7 1-0

[Event "XXV OOM - Mistrzostwa Polski Juniorow Mlodszych - Dziewczeta do lat 14"]
[Site "Sielpia"]
[Date "1899-12-30"]
[Round "4.12"]
[White "Obrochta, Lena"]
[Black "Hals, Emilia"]
[Result "1-0"]
[WhiteTitle "I+"]
[BlackTitle "I"]
[WhiteElo "1704"]
[BlackElo "1293"]

1. e4 g6 2. d4 Bg7 3. Nc3 c6 4. Nf3 d5 5. exd5 cxd5 6. h3 Nf6 7. Bd3 Nc6 8. O-O
O-O 9. a3 a6 10. Re1 e6 11. Nb1 b5 12. c3 Bb7 13. Bf4 Rc8 14. Nbd2 Na5 15. Nb3
Nd7 16. Nxa5 Qxa5 17. Ne5 Nxe5 18. dxe5 Qc7 19. Qg4 Rcd8 20. Rac1 Qb8 21. Bh2
Qa7 22. Qd4 Qxd4 23. cxd4 Rc8 24. b4 Rxc1 25. Rxc1 Rc8 26. Rxc8+ Bxc8 27. Bf4
f6 28. Kf1 Kf7 29. Ke2 fxe5 30. dxe5 h6 31. Ke3 g5 32. Bg3 Bf8 33. Kd4 Bb7 34.
f3 Ke7 35. Kc5 Kd7+ 36. Kb6 Bc8 37. Bf2 Bg7 38. Bd4 Kd8 39. Bg6 Kd7 40. g3 Kd8
41. Kc6 Bd7+ 42. Kb7 Bc8+ 43. Kb6 Kd7 44. f4 gxf4 45. gxf4 Kd8 46. Ka7 Kc7 47.
Bb6+ Kd7 48. Kb8 Bf8 49. f5 Kc6 50. Kxc8 Kxb6 51. fxe6 Kc6 52. Be8+ Kb6 53. Kd7
d4 54. Bg6 a5 55. e7 Bxe7 56. Kxe7 axb4 57. axb4 Kc7 58. Ke6 Kd8 59. Kd5 d3 60.
Bxd3 1-0

[Event "XXV OOM - Mistrzostwa Polski Juniorow Mlodszych - Dziewczeta do lat 14"]
[Site "Sielpia"]
[Date "1899-12-30"]
[Round "4.13"]
[White "Anyz, Monika"]
[Black "Straczek, Wiktoria"]
[Result "1/2-1/2"]
[WhiteTitle "I+"]
[BlackTitle "I"]
[WhiteElo "1424"]
[BlackElo "1257"]

1. e4 c5 2. Nf3 Nc6 3. d4 cxd4 4. Nxd4 g6 5. Nc3 Bg7 6. Be3 Nf6 7. Bc4 O-O 8. Bb3
d6 9. f3 Bd7 10. Qd2 Qa5 11. O-O-O Rfd8 12. Kb1 Nxd4 13. Bxd4 Be6 14. Bxe6 fxe6
15. Rhe1 Nd7 16. Bxg7 Kxg7 17. Qd4+ Kf7 18. f4 Qc5 19. Qxc5 Nxc5 20. g3 Kf6 21.
Kc1 Rd7 22. e5+ Kf7 23. Ne4 Nxe4 24. Rxe4 Rad8 25. Red4 Ke8 26. exd6 exd6 27.
Re1 Kf7 28. c3 Kf6 29. Rde4 Re7 30. g4 h6 31. h4 h5 32. g5+ Kf5 33. Kc2 Rc8 34.
Kd3 Rc6 35. Ke3 Rb6 36. Kf3 e5 37. R1e2 Rb5 38. b3 1/2-1/2

[Event "XXV OOM - Mistrzostwa Polski Juniorow Mlodszych - Dziewczeta do lat 14"]
[Site "Sielpia"]
[Date "1899-12-30"]
[Round "4.14"]
[White "Miranowska, Anna"]
[Black "Maslewska, Anna"]
[Result "1-0"]
[WhiteTitle "I"]
[BlackTitle "I"]
[WhiteElo "1331"]
[BlackElo "1117"]

1. d4 d5 2. c4 e6 3. Nc3 Nf6 4. Bg5 Nbd7 5. Nf3 c6 6. cxd5 cxd5 7. e3 Qa5 8. Qc2
Ne4 9. Bh4 Bb4 10. Rc1 Qxa2 11. Nd2 Nxc3 12. bxc3 Qxc2 13. Rxc2 Bd6 14. Bd3 O-O
15. c4 dxc4 16. Nxc4 Bb4+ 17. Ke2 Re8 18. Rb1 Be7 19. Bxe7 Rxe7 20. Nd6 Nb6 21.
Rbc1 Bd7 22. Rc7 Nd5 23. Rxb7 Ba4 24. Rxe7 Nxe7 25. Rc7 Kf8 26. Be4 Rd8 27. Rxa7
Bc6 28. Bxc6 Nxc6 29. Nxf7 Rc8 30. Rb7 Na5 31. Rb5 Rc2+ 32. Kf3 Kxf7 33. Rxa5
Rd2 34. Rb5 h6 35. h4 Kf6 36. Kg3 Re2 37. h5 Kf7 38. Re5 Kf6 39. f3 Kf7 40. Kh3
Kf6 41. g3 Rf2 42. Kg4 Rh2 43. Kf4 Rg2 44. Rb5 Rd2 45. Rb7 Rh2 46. g4 Rd2 47.
Rd7 Rd1 48. e4 Rxd4 49. Rxd4 e5+ 50. Ke3 exd4+ 51. Kxd4 Ke6 52. e5 Ke7 53. Kd5
Kd7 54. f4 Ke7 55. g5 Kd7 56. gxh6 gxh6 57. f5 Ke7 58. e6 Ke8 59. f6 Kd8 60. Kd6
Ke8 1-0

[Event "XXV OOM - Mistrzostwa Polski Juniorow Mlodszych - Dziewczeta do lat 14"]
[Site "Sielpia"]
[Date "1899-12-30"]
[Round "4.15"]
[White "Kot, Marta"]
[Black "Skolska, Emilia"]
[Result "0-1"]
[WhiteTitle "II"]
[BlackTitle "I"]
[WhiteElo "1218"]
[BlackElo "1300"]

1. e4 e5 2. Nf3 Nc6 3. Bc4 Bc5 4. c3 d6 5. d4 exd4 6. cxd4 Bb6 7. Bb5 Bd7 8. O-O
Nf6 9. Nc3 O-O 10. h3 Re8 11. Re1 Ba5 12. Qd3 Nb4 13. Qb1 Bxb5 14. Nxb5 Nc2 15.
Qxc2 Bxe1 16. Nxe1 Rxe4 17. Nf3 c6 18. Nc3 Re8 19. Bg5 h6 20. Bh4 g5 21. Bg3 Qd7
22. Rd1 Rac8 23. b4 Re6 24. Kf1 Qd8 25. Kg1 Qb6 26. a3 Qa6 27. Qb3 Rce8 28. Qb2
Qc4 29. Rc1 Qd3 30. a4 Nh5 31. Kh2 Nxg3 32. Kxg3 f5 33. Qc2 f4+ 34. Kh2 Qc4 35.
Qb2 Rg6 36. Qb1 Rg7 37. g3 fxg3+ 38. Kxg3 Rf8 39. Qa2 Qxa2 40. Nxa2 Re7 41. Nc3
Rf4 42. Rd1 Ref7 43. Rd3 Kg7 44. Ne2 R4f5 45. Rc3 a5 46. bxa5 Rxa5 47. Rc4 Kf8
48. Kg2 Ke7 49. Rb4 Ke6 50. Nc3 Ra8 51. Rb3 Raf8 52. Ne2 Kd5 53. Kg3 Re7 54. Rb2
Kc4 55. Kg2 Kd3 56. Ng3 Kc3 57. Rb1 Ra8 58. Ra1 Kb2 59. Rd1 Rxa4 60. Nf5 Re6 61.
Ng7 Rf6 62. Ne8 Rg6 63. Kg3 Ra3 64. Kg2 g4 65. Nh4 gxh3+ 66. Kh2 Rg4 67. Nxd6
Rb3 68. Ndf5 Rf4 69. Rf1 b5 70. Kh1 b4 71. Kh2 Rd3 72. Kg1 b3 73. f3 Kc2 74. Rf2+
Kc3 75. Rf1 b2 76. Re1 Kb3 77. Kf2 Ka2 78. Kg3 Rxh4 79. Nxh4 b1=Q 80. Rxb1 Kxb1
81. Nf5 h2 82. Kxh2 Rxf3 83. Ne7 Rf6 84. Kg3 Rd6 85. Kf4 Rxd4+ 86. Ke5 c5 87.
Nf5 Rd1 88. Nxh6 c4 89. Nf5 c3 90. Nd4 Rxd4 91. Kxd4 c2 92. Ke4 c1=Q 93. Kf5 Qe3
94. Kf6 Qc5 95. Ke6 Kc2 96. Kf6 Kd3 97. Ke6 Ke4 98. Kf6 Qf5+ 99. Kg7 Ke5 100.
Kg8 Qd7 101. Kh8 Kf6 102. Kg8 Qg7# 0-1

[Event "XXV OOM - Mistrzostwa Polski Juniorow Mlodszych - Dziewczeta do lat 14"]
[Site "Sielpia"]
[Date "1899-12-30"]
[Round "4.16"]
[White "Pacho, Maria"]
[Black "Czerwinska, Oliwia"]
[Result "1/2-1/2"]
[WhiteTitle "II"]
[BlackTitle "I"]
[WhiteElo "1166"]
[BlackElo "1303"]

1. c4 e5 2. Nc3 Nc6 3. Nf3 g6 4. g3 Bg7 5. Bg2 d6 6. O-O Nge7 7. d3 O-O 8. Bd2
Be6 9. Rb1 a5 10. a3 f5 11. Ng5 Bf7 12. Nxf7 Rxf7 13. Nd5 Kh8 14. Bg5 h6 15. Bxe7
Nxe7 16. Nxe7 Rxe7 17. Bxb7 Rb8 18. Bg2 c5 19. Bd5 Qb6 20. Qc2 Qb3 21. Qd2 Qb6
22. Rfc1 Kh7 23. h4 Bf6 24. Kg2 Ra7 25. Rh1 h5 26. Rhc1 Bg7 27. Re1 Bh6 28. e3
Re7 29. Qd1 Qb3 30. Qd2 Qb6 31. Qd1 Qb3 1/2-1/2